<?xml version="1.0" encoding="UTF-8"?>
<collection xmlns="http://www.loc.gov/MARC21/slim">
 <record>
  <leader>03951nam a22004815i 4500</leader>
  <controlfield tag="001">978-1-84628-917-0</controlfield>
  <controlfield tag="003">DE-He213</controlfield>
  <controlfield tag="005">20210615182843.0</controlfield>
  <controlfield tag="007">cr nn 008mamaa</controlfield>
  <controlfield tag="008">200917s2008    xxk|    s    |||| 0|eng d</controlfield>
  <datafield tag="020" ind1=" " ind2=" ">
   <subfield code="a">9781846289170</subfield>
   <subfield code="9">978-1-84628-917-0</subfield>
  </datafield>
  <datafield tag="024" ind1="7" ind2=" ">
   <subfield code="a">10.1007/978-1-84628-917-0</subfield>
   <subfield code="2">doi</subfield>
  </datafield>
  <datafield tag="050" ind1=" " ind2="4">
   <subfield code="a">RC86-88.9</subfield>
  </datafield>
  <datafield tag="072" ind1=" " ind2="7">
   <subfield code="a">MMKL</subfield>
   <subfield code="2">bicssc</subfield>
  </datafield>
  <datafield tag="072" ind1=" " ind2="7">
   <subfield code="a">MED015000</subfield>
   <subfield code="2">bisacsh</subfield>
  </datafield>
  <datafield tag="072" ind1=" " ind2="7">
   <subfield code="a">MKPL</subfield>
   <subfield code="2">thema</subfield>
  </datafield>
  <datafield tag="082" ind1="0" ind2="4">
   <subfield code="a">616.028</subfield>
   <subfield code="2">23</subfield>
  </datafield>
  <datafield tag="245" ind1="1" ind2="0">
   <subfield code="a">Infectious Diseases in the Pediatric Intensive Care Unit</subfield>
   <subfield code="h">[electronic resource] /</subfield>
   <subfield code="c">edited by Simon Nadel.</subfield>
  </datafield>
  <datafield tag="250" ind1=" " ind2=" ">
   <subfield code="a">1st ed. 2008.</subfield>
  </datafield>
  <datafield tag="264" ind1=" " ind2="1">
   <subfield code="a">London :</subfield>
   <subfield code="b">Springer London :</subfield>
   <subfield code="b">Imprint: Springer,</subfield>
   <subfield code="c">2008.</subfield>
  </datafield>
  <datafield tag="300" ind1=" " ind2=" ">
   <subfield code="a">XIII, 580 p. 105 illus. in color.</subfield>
   <subfield code="b">online resource.</subfield>
  </datafield>
  <datafield tag="336" ind1=" " ind2=" ">
   <subfield code="a">text</subfield>
   <subfield code="b">txt</subfield>
   <subfield code="2">rdacontent</subfield>
  </datafield>
  <datafield tag="337" ind1=" " ind2=" ">
   <subfield code="a">computer</subfield>
   <subfield code="b">c</subfield>
   <subfield code="2">rdamedia</subfield>
  </datafield>
  <datafield tag="338" ind1=" " ind2=" ">
   <subfield code="a">online resource</subfield>
   <subfield code="b">cr</subfield>
   <subfield code="2">rdacarrier</subfield>
  </datafield>
  <datafield tag="347" ind1=" " ind2=" ">
   <subfield code="a">text file</subfield>
   <subfield code="b">PDF</subfield>
   <subfield code="2">rda</subfield>
  </datafield>
  <datafield tag="505" ind1="0" ind2=" ">
   <subfield code="a">The Immunology of Neonates and Children and its Relation to Susceptibility to Infection -- Infections in the Critically Ill Neonate -- Fungal Infection in Critically Ill Children -- Toxin Mediated Diseases - Toxic Shock Syndrome -- Vaccines for the Prevention of Admission to the Paediatric Intensive Care Unit -- Pathophysiology of Pediatric Sepsis -- The Epidemiology of Severe Infections in Children -- Novel Challenges in Infection in the PICU Setting -- Host Genetic Susceptibility to Infection -- Nosocomial Infections in the Pediatric Intensive Care Unit -- Infections in the Immunocompromised Patient in PICU -- Infants and Children with HIV -- Life-Threatening Tropical Infections -- Cardiac Infections in the Pediatric Intensive Care Unit -- Paediatric Critical Care: Acute Central Nervous System Infection -- Respiratory Infection in Pediatric Intensive Care -- New Therapies for Sepsis.</subfield>
  </datafield>
  <datafield tag="520" ind1=" " ind2=" ">
   <subfield code="a">Many children are admitted to a pediatric intensive care unit (PICU) with serious infections or with a high chance of acquiring nosocomial infection once admitted. Any infection can be serious in an immunocompromised patient, while any delay in therapy may produce more severe infection in an immunocompetent patient. The increasing numbers of PICU admissions mean that knowledge of pediatric infections is vitally important for all involved to enable them to understand the reasons for admission, risks of nosocomial infection, infection control, modes of therapy, and outcomes. Infectious Diseases in the Pediatric Intensive Care Unit has brought together all the current knowledge in the diagnosis and management of infectious disease on the PICU. Taking a practical and evidence-based approach, the editor and his renowned team of contributors provide a comprehensive clinical review of the subject in one easily accessible reference work from neonatal to adolescent and immunocompromised toimmunocompetent. It is therefore relevant to all clinicians working in intensive care, including pediatricians, PICU clinicians, emergency physicians, anesthetists, adult intensivists and nursing and care-based staff.</subfield>
  </datafield>
  <datafield tag="650" ind1=" " ind2="0">
   <subfield code="a">Critical care medicine.</subfield>
  </datafield>
  <datafield tag="650" ind1=" " ind2="0">
   <subfield code="a">Infectious diseases.</subfield>
  </datafield>
  <datafield tag="650" ind1=" " ind2="0">
   <subfield code="a">Pediatrics.</subfield>
  </datafield>
  <datafield tag="650" ind1="1" ind2="4">
   <subfield code="a">Intensive / Critical Care Medicine.</subfield>
   <subfield code="0">https://scigraph.springernature.com/ontologies/product-market-codes/H3100X</subfield>
  </datafield>
  <datafield tag="650" ind1="2" ind2="4">
   <subfield code="a">Infectious Diseases.</subfield>
   <subfield code="0">https://scigraph.springernature.com/ontologies/product-market-codes/H33096</subfield>
  </datafield>
  <datafield tag="650" ind1="2" ind2="4">
   <subfield code="a">Pediatrics.</subfield>
   <subfield code="0">https://scigraph.springernature.com/ontologies/product-market-codes/H49006</subfield>
  </datafield>
  <datafield tag="700" ind1="1" ind2=" ">
   <subfield code="a">Nadel, Simon.</subfield>
   <subfield code="e">editor.</subfield>
   <subfield code="4">edt</subfield>
   <subfield code="4">http://id.loc.gov/vocabulary/relators/edt</subfield>
  </datafield>
  <datafield tag="710" ind1="2" ind2=" ">
   <subfield code="a">SpringerLink (Online service)</subfield>
  </datafield>
  <datafield tag="773" ind1="0" ind2=" ">
   <subfield code="t">Springer Nature eBook</subfield>
  </datafield>
  <datafield tag="776" ind1="0" ind2="8">
   <subfield code="i">Printed edition:</subfield>
   <subfield code="z">9781846289163</subfield>
  </datafield>
  <datafield tag="776" ind1="0" ind2="8">
   <subfield code="i">Printed edition:</subfield>
   <subfield code="z">9781447171225</subfield>
  </datafield>
  <datafield tag="856" ind1="4" ind2="0">
   <subfield code="u">https://doi.org/10.1007/978-1-84628-917-0</subfield>
  </datafield>
  <datafield tag="912" ind1=" " ind2=" ">
   <subfield code="a">ZDB-2-SME</subfield>
  </datafield>
  <datafield tag="912" ind1=" " ind2=" ">
   <subfield code="a">ZDB-2-SXM</subfield>
  </datafield>
  <datafield tag="950" ind1=" " ind2=" ">
   <subfield code="a">Medicine (SpringerNature-11650)</subfield>
  </datafield>
  <datafield tag="950" ind1=" " ind2=" ">
   <subfield code="a">Medicine (R0) (SpringerNature-43714)</subfield>
  </datafield>
 </record>
</collection>
